| 000 | 00610cam a22001931 4500 | ||
|---|---|---|---|
| 001 | he 66001154 | ||
| 003 | DLC | ||
| 005 | 20260227111439.0 | ||
| 008 | 860825s1962 nyua 000 0 yidr | ||
| 010 | _ahe 66001154 | ||
| 035 | _a(OCoLC)19309540 | ||
| 040 |
_aDLC _cMH _dTxU _dDLC |
||
| 050 | 0 | 0 |
_aPZ90.Y5 _bO58 |
| 100 | 1 |
_aOlitzky, Mates, _d1915- |
|
| 245 | 1 | 0 |
_aFreylekhe ṭeg _c[fun] M. Olitsḳi. Ilusṭrirṭ fun Ize. |
| 260 |
_aNyu York, _bBildungs ḳomiṭeṭ fun Arbeṭer-ring, _c1962. |
||
| 300 |
_a119 p. _billus. _c24 cm. |
||
| 500 | _a"Lider far kinder ... gedruḳṭ in farsheydene zshurnaln." | ||
| 999 |
_c31804 _d31804 |
||